Quizzes
Events
Quiz Creation
Community
Videos
Private Events
Remove Ads
Sign In
Join for FREE
Feedback
Dark Mode
Quiz Categories
Sports
Geography
Music
Movies
Television
Just For Fun
Miscellaneous
History
Literature
Language
Science
Gaming
Entertainment
Religion
Holiday
For Kids
Quiz Lab
Recent
Popular Today
Quiz Kudos Today
Editor Picks
Curator Picks
Quizzes by...
Day
Popularity
Type
Ratings
Length
Year
Community
Subscriptions
Recent Discussions
Orange Saloon
Badges
Playlists
Quests
Create
Leaderboards
Showdown
Live 5
Trivia Bingo
Activity
Puzzle Library
Sporcle Events
Private Events
Virtual Trivia
Globe League
Become a Host
Pub Owners
SporcleCon
Opinionation
Our Games
Videos
Blog
Mobile Apps
Partnerships
Remove Ads and Go Orange
Feedback
Miscellaneous
Crossword
General Knowledge
Baby Names
Logo
Food
Cars
Numbers
Grab Bag
University
College
Popular
Company
Slogans
Restaurants
Justice
Letter
Miscellaneous
Crossword
General Knowledge
Baby Names
Logo
Food
Cars
Numbers
Grab Bag
University
College
Popular
Company
Slogans
Restaurants
Justice
Letter
Random Quiz
Search Sporcle
×
Quiz Lab
Quiz Lab
Miscellaneous
market
Type in answers that appear in a list
Type in answers that appear in a list
Classic
Best Score? Go Orange.
Money Market Graph Stats
Can you name the answers?
By
Scayleb
10m
12 Questions
12 Plays
12 Plays
12 Plays
Comments
Comments
Give Quiz Kudos
Give Quiz Kudos
-
- Ratings
hide this ad
More Info
Forced Order
Answers have to be entered in order
Answers have to be entered in order
Replay
Link that replays current quiz
Next Quiz
Link to next quiz in quiz playlist
You Got
0%
They Got
Avg Score
71%
Avg Friend Score
Upgrade to see
Score Distribution
Jump to the score distribution portion of the page
Score
0/12
Timer
10:00
0
Plays Today
Question
Answer
% Correct
A lack of trust in banks causes people to want to hold more cash
Graph 2
83.3%
A lack of trust in banks causes people to want to hold more cash
increases
75%
The Fed decides to increase the money supply
decrease
75%
The Fed decides to increase the money supply
decreases
75%
A new amazing credit card causes people to want to hold less cash
Graph 4
75%
A lack of trust in banks causes people to want to hold more cash
increase
75%
The Fed decides to increase the money supply
Graph 1
66.7%
The Fed decides to decrease the money supply
Graph3
66.7%
The Fed decides to decrease the money supply
increase
66.7%
The Fed decides to decrease the money supply
increases
66.7%
A new amazing credit card causes people to want to hold less cash
decrease
66.7%
A new amazing credit card causes people to want to hold less cash
decreases
66.7%
Quiz Playlist
Details
Report
Send in Message
Add To Playlist
More Info:
Going left to right, the graphs are Graph 1, Graph 2, Graph 3, etc.
Classic:
Type in answers that appear in a list
Forced Order:
Answers have to be entered in order
Last Updated: Feb 16, 2017
Quiz Scoreboard
CHALLENGE
Sign Up to Join the Scoreboard
Show All
Scores
Hide
Comments
May contain spoilers
Recently Published
Click the 1999 NBA Draft
by nibperrychub
Sports
2m
Alphabetical 'K' Countries by Flag Minefield
by ylime102
Geography
3m
Pick 6: Fruits
by JohnFran
Miscellaneous
15s
More to Explore
Quiz From the Vault
Featured Blog Post
15 Basketball Trivia Facts You Can Be March Mad About
hide this ad
You Might Also Like...
Tags
graph
market
Money
situation
Today's Top Quizzes in Miscellaneous
Browse Miscellaneous
hide this ad
Today's Top Quizzes in market
Browse market
Top Contributed Quizzes in Miscellaneous
1
Spring Months consonants
2
The JOE quick-fire general knowledge quiz: Day 166
3
Pick 6: Vegetables
4
Pick 6: Supreme Pizza
5
Four Seasons
6
Pick 6: University Mascots
7
The JOE quick-fire general knowledge quiz: Day 165
8
Guess the 'S' Things in 3 Words
9
Sporcle Acrostic Puzzle XXXV
10
Guess the 'T' Things in 3 Words
Explore More
Trending Topics
Anime
Disney
NBA
Kpop
Crossword
Harry Potter
Marvel
The Office
Pokémon
NFL
WWE
Song
Puzzle
Soccer
Country
hide this ad
More By:
Scayleb
Quiz
Plays
Rating
Category
Featured
Created
Tools of the Federal Reserve
32
1.00
Miscellaneous
Dec 7, 2010
Working with the money multiplier
25
Miscellaneous
Dec 9, 2010
Money!!!
13
Miscellaneous
Dec 7, 2010
Money Market Graph
12
Miscellaneous
Dec 9, 2010
Unit 5 Vocabulary!
3
Miscellaneous
Dec 9, 2010
Go to Creator's Profile
Score Distribution
Quiz Creator Spotlight
Scayleb
Follow
Send a Message
Quizzes Created
-
Created Quiz Play Count
-
More By This Creator
Popular Quizzes Today
1
Countries of Asia Without Outlines Minefield
2
Find the US States - No Outlines Minefield
3
Pick 6: Fruits
4
Alphabetical 'K' Countries by Flag Minefield
5
The Countries of the World
6
Find the Countries of Europe - No Outlines Minefield
7
Find the US States
8
US States
More Miscellaneous Quizzes
Enormous Crossword: Alcohol
Curator's Pick
Trending Quizzes
Pick 6: Mountains
Pick 6: Harry Potter
Pick 6: Flags
Pick 6: NFL Teams
Pick 6: Movie Franchises
Recently Updated
NWSL Teams
pecheneg
Women's Final Four Teams by Year
bhenderson79
Presidents Quartet II
eogle
Anything But Clue(do)
eogle
Anything But Oceanian Capitals
eogle
Anything But 7
eogle
Anything But Thing
eogle
Word Ladder: February 29
pecheneg
Song Title Questions
pecheneg
Women's NCAA Tournament #1 Seeds
pecheneg
Trending Topics
Crossword
NBA
Anime
Kpop
Disney
Harry Potter
Marvel
Pokémon
Song
NFL
WWE
Soccer
Country
The Office
Puzzle
Your Account Isn't Verified!
In order to create a playlist on Sporcle, you need to verify the email address you used during registration. Go to your
Sporcle Settings
to finish the process.
Report this User
Report this user for behavior that violates our
Community Guidelines
.
Details:
Send Report
Go to the Sporcle.com Mobile Site →
Comments